03755nam a2200385 4500003000900000005001700009008004100026040004300067041001300110082001800123100006000141245028600201264008000487300003000567336002200597337002400619338003300643502013600676504007300812520104600885520086001931546009902791650003602890653003202926653003802958653003002996653003403026653002803060653003503088653003803123655005703161700004203218710005303260856005603313EG-GICUC20260222121609.0260222s2025 ua ||||fr|||| 000 0 ara d aEG-GICUCcEG-GICUCdEG-GICUCerdabara0 aaradara04a343.112242210 aالسيد محمدين الدمتناويeمؤلف.10aالحماية الجنائية الموضوعية للحق في حرمة المحتدثات الشخصية : bدراسة مقارنة / cإعدادفيصل السيد محمدين الدمتناوي ؛ إشراف الأستاذ الدكتور أحمد عوض بلال. 0aالقاهرة :bكلية الحقوق - جامعة القاهرة,c2025. a320 صفحة :c30 سم.  atext2rda content aComputer2rda media aOnline Resource2rda carrier a أطروحة (دكتوراة)-جامعة القاهرة، كلية الحقوق، قسم القانون الجنائي، 2025. aيشتمل على إرجاعات بيبليوجرافية: 274-3113 aتناول الباحث في موضوع الحماية الجنائية الموضوعية للحق في حرمة المحادثات الشخصية دراسة مقارنة ، وقد قسم الباحث رسالته إلى مقدمة وفصل تمهدي وبابين رئيسيين وخاتمة وقد التناول في المقدمة : موضوع البحث وأهمية البحث ومنهج البحث وخطة البحث . وقد خصص الفصل التمهيدي لدراسة حرمة المحادثات الشخصية كأحد عناصر الحق في الخصوصية وتناول الباحث في الباب الأول : جرائم التعدى على المحادثات الشخصية في التشريعات التقليدية. وقد خصص الباب الثاني: لدراسة جرائم التعدى على المحادثات الشخصية في التشريعات الحديثة وعقب ذلك تناول الباحث في خاتمة الدارسة مجموعة من النتائج والتوصيات .3 aThe researchers' discussion on the topic of the objective criminal protection of the right to the sanctity of personal conversations is a comparative study. The researchers have divided their work into an introduction, an introductory chapter, the main chapters, and the conclusion. Introduction: The introduction covers the topic of the research, its importance, methodology, and research plan. The introductory chapter is devoted to studying the sanctity of personal conversations as one of the elements of the right to privacy. The first chapter analyzes crimes of trespassing on personal conversations in traditional legislation. The second chapter is devoted to studying crimes of violating the sanctity of personal conversations in modern laws. Following the discussions at the end of the course, I will discuss the results and recommendations. aالنص بالعربية والملخص باللغة الإنجليزية والعربية.04aالقانون الجنائي 0aالظروف المشددة 0aالعقوبات الأصلية 0aنقل المحادثات 0aتسجيل المحادثات 0aاستراق السمع 0aالحق في الخصوصية 0aالمحادثات الشخصية 4aرسائل جامعيةzجامعة القاهرة0 aأحمد عوض بلالeمشرف.2 aجامعة القاهرةbكلية الحقوق uhttps://fll.law.cu.edu.eg/fulltext/th/T10-04324.pdf